| 000 | 00453nam a2200181Ia 4500 | ||
|---|---|---|---|
| 001 | 9296 | ||
| 005 | 20260306161708.0 | ||
| 008 | 260306t2006||||xx |||||||||||||| ||spa|| | ||
| 041 | _aESP | ||
| 082 |
_a378.09 _bR715 |
||
| 100 |
_aRama, Claudio _eAUT |
||
| 245 | 0 | _aLa tercera reforma de la educación superior en América Latina | |
| 260 | _c2006 | ||
| 300 |
_a240 páginas : _c21 cm. |
||
| 650 | _aGEN | ||
| 654 | _aCED | ||
| 942 |
_cLIB _dJUS _fJUS _2ddc _n |
||
| 999 |
_c9296 _d9296 |
||